| 000 -LEADER |
| fixed length control field |
01165cam a2200289 i 4500 |
| 001 - CONTROL NUMBER |
| control field |
19286856 |
| 003 - CONTROL NUMBER IDENTIFIER |
| control field |
MAJU-Karachi |
| 005 - DATE AND TIME OF LATEST TRANSACTION |
| control field |
20200922121851.0 |
| 008 - FIXED-LENGTH DATA ELEMENTS--GENERAL INFORMATION |
| fixed length control field |
160923s2017 enkad b 001 0 eng |
| 010 ## - LIBRARY OF CONGRESS CONTROL NUMBER |
| LC control number |
2016043335 |
| 020 ## - INTERNATIONAL STANDARD BOOK NUMBER |
| International Standard Book Number |
9781118935484 |
| Qualifying information |
(hardback) |
| 040 ## - CATALOGING SOURCE |
| Original cataloging agency |
DLC |
| Language of cataloging |
eng |
| Transcribing agency |
DLC |
| Description conventions |
rda |
| Modifying agency |
DLC |
| 042 ## - AUTHENTICATION CODE |
| Authentication code |
pcc |
| 050 00 - LIBRARY OF CONGRESS CALL NUMBER |
| Classification number |
S944.5.S63 |
| Item number |
C66 2017 |
| 082 00 - DEWEY DECIMAL CLASSIFICATION NUMBER |
| Classification number |
333.72 |
| Edition number |
23 |
| 245 00 - TITLE STATEMENT |
| Title |
Conservation criminology / |
| Statement of responsibility, etc |
edited by Meredith L. Gore, Michigan State University, USA. |
| 300 ## - PHYSICAL DESCRIPTION |
| Extent |
xxiii, 224 pages : |
| Other physical details |
illustrations, charts ; |
| Dimensions |
26 cm |
| 504 ## - BIBLIOGRAPHY, ETC. NOTE |
| Bibliography, etc |
Includes bibliographical references and index. |
| 650 #0 - SUBJECT ADDED ENTRY--TOPICAL TERM |
| Topical term or geographic name as entry element |
Conservation of natural resources |
| General subdivision |
Social aspects. |
| 650 #0 - SUBJECT ADDED ENTRY--TOPICAL TERM |
| Topical term or geographic name as entry element |
Natural resources |
| General subdivision |
Management |
| -- |
Social aspects. |
| 650 #0 - SUBJECT ADDED ENTRY--TOPICAL TERM |
| Topical term or geographic name as entry element |
Wildlife crimes. |
| 700 1# - ADDED ENTRY--PERSONAL NAME |
| Personal name |
Gore, Meredith L., |
| Dates associated with a name |
1977- |
| Relator term |
editor. |
| 776 08 - ADDITIONAL PHYSICAL FORM ENTRY |
| Display text |
Online version: |
| Title |
Conservation criminology |
| Place, publisher, and date of publication |
Chichester, West Sussex : John Wiley & Sons, Inc., 2017 |
| International Standard Book Number |
9781118935491 |
| Record control number |
(DLC) 2016044457 |
| 906 ## - LOCAL DATA ELEMENT F, LDF (RLIN) |
| a |
7 |
| b |
cbc |
| c |
orignew |
| d |
1 |
| e |
ecip |
| f |
20 |
| g |
y-gencatlg |
| 942 ## - ADDED ENTRY ELEMENTS (KOHA) |
| Source of classification or shelving scheme |
|
| Koha item type |
Psychology |